000 04842nab a2200373 i 4500
003 BR-BrBNA
005 20250728183544.0
008 250728b2023 bl.mr|pooa||| 00| 0 eng |
040 _aBR-BrBNA
_beng
072 _aF01
_b1660
072 _aF61
_b1690
100 _aOliveira, Carlos E. da S.
100 _aGato, Isabela M. B.
100 _aMoreira, Vitoria de A.
100 _aJalal, Arshad
100 _aOliveira, Thaissa J. S. S.
100 _aOliveira, Julia R.
100 _aFernandes, Guilherme C.
100 _aTeixeira Filho, Marcelo C. M.
245 _aInoculation methods of Azospirillum brasilense in lettuce and arugula in the hydroponic system
500 _aPublicação on-line; 24 ref.; 7 illus; 4 tables; Sumaries (En, Pt)
520 _a ABSTRACT: Lettuce and arugula are the most cultivated leafy vegetables in hydroponic systems in the world, and the little information about Azospirillum brasilense effects in research in this system makes it necessary to verify the best method of inoculation of these bacteria. Therefore, this study aimed to verify the beneficial effects of inoculation methods of A. brasilense on plant growth and nutrition of lettuce and arugula grown in the hydroponic system. The study was conducted in a greenhouse with 30% shading. A randomized block design with five replicates in a 4 × 2 factorial scheme was used. Four A. brasilense inoculation methods (non-inoculated, foliar application, nutrient solution, and nutrient solution + foliar application) and two leafy vegetable species - arugula and lettuce - were evaluated. All inoculation methods improved plant height, shoot fresh and dry mass, root fresh and dry mass, fresh leaf yield, leaf chlorophyll index, accumulation of nitrogen, potassium, calcium, sulfur, phosphorus, iron, manganese, and copper and reduced nitrate accumulation in shoot and root of arugula and lettuce. Inoculation via nutrient solution + foliar application of A. brasilense is the most suitable for hydroponic arugula cultivation because it provides greater fresh leaf yield. All inoculation methods increased leaf yield in hydroponic lettuce. Hydroponic arugula and lettuce plants showed greater accumulation of nutrients and plant growth with less nitrate accumulation in the shoot under inoculation with A. brasilense. Key words: Lactuca sativa, Eruca sativa, growth-promoting bacteria, reduction of nitrate accumulation
520 _a RESUMO: A alface e a rúcula são as hortaliças folhosas mais cultivadas em sistemas hidropônicos no mundo, e as poucas informações sobre os efeitos do Azospirillum brasilense em pesquisas neste sistema torna-se necessário verificar o melhor método de inoculação dessas bactérias. Portanto, o objetivo deste estudo foi verificar os efeitos benéficos de métodos de inoculação de A. brasilense em alface e rúcula no crescimento e nutrição das plantas em sistema hidropônico. O estudo foi conduzido em casa de vegetação com 30% de sombreamento. Foi usado o delineamento em blocos ao acaso com 5 repetições em esquema fatorial 4 × 2, com quatro métodos de inoculação de A. brasilense (não inoculado, foliar, solução nutritiva e solução nutritiva + inoculação foliar) e o segundo fator foi a aplicação em rúcula e alface. Todos os métodos de inoculação melhoraram a altura da planta, massa fresca e seca da parte aérea, massa fresca e seca da raiz, rendimento da planta, índice de clorofila foliar, acúmulo de nitrogênio, potássio, cálcio, enxofre, fósforo, ferro, manganês, cobre e redução do acúmulo de nitrato na parte aérea e raízes de rúcula e alface. A inoculação via solução nutriente + inoculação foliar de A. brasilense é a mais indicada para o cultivo hidropônico de rúcula, pois proporciona maior rendimento de folhas, e todos os métodos de inoculação foram capazes de aumentar o rendimento de folhas em alface hidropônica. Plantas hidropônicas de rúcula e alface apresentaram maior acúmulo de nutrientes e crescimento das plantas com menor acúmulo de nitrato na parte aérea sob inoculação com A. brasilense. Palavras-chave: Lactuca sativa, Eruca sativa, bactérias promotoras de crescimento, redução do acúmulo de nitrato
650 _aALFACE
650 _aRÚCULA
650 _aCRESCIMENTO
650 _aINOCULAÇÃO
650 _aCULTIVO HIDROPÔNICO
650 _aNUTRIÇÃO VEGETAL
773 0 _03534
_9317837
_dCampina Grande-PB Universidade Federal de Campina Grande. Centro de Ciências e Tecnologia 1997
_o2024-4556
_tRevista Brasileira de Engenharia Agrícola e Ambiental (Brazil)
_x1415-4366
_gv. 27 (9) p. 653-662; (2023)
_wBR2025003436
856 _uhttps://www.scielo.br/j/rbeaa/a/sDP9RxsdsZnGdN9Y4jSJMGw/?format=pdf&lang=en
942 _cANA
999 _c337342
_d337342